Putin koriguje kurz

Podpísanie zmluvy South stream na dodávky plynu do Európy medzi Rakúskom a Ruskou federáciou. Snaha ruského prezidenta V. Putina vyhnúť sa konfliktom so Západom. Putinova nová mierová doktrína na riešenie konfliktu s Ukrajinou. Príprava sektorových sankcií voči Rusku. Rokovania s Kyjevom a Bruselom...

Descrizione completa

Salvato in:
Dettagli Bibliografici
Autore principale: Pressburg, Adrian Peter
Natura: Capitolo di libro
Lingua:slovacco
Soggetti:
Tags: Aggiungi Tag
Nessun Tag, puoi essere il primo ad aggiungerne!!

MARC

LEADER 00000naa a2200000 4500
001 0190484
005 20231113101425.5
041 0 |a slo 
044 |a SK 
245 1 0 |a Putin koriguje kurz  |c Adrian Peter Pressburg 
520 |a Podpísanie zmluvy South stream na dodávky plynu do Európy medzi Rakúskom a Ruskou federáciou. Snaha ruského prezidenta V. Putina vyhnúť sa konfliktom so Západom. Putinova nová mierová doktrína na riešenie konfliktu s Ukrajinou. Príprava sektorových sankcií voči Rusku. Rokovania s Kyjevom a Bruselom o utíšení bojov. 
610 2 0 |a politika zahraničná 
610 2 0 |a politika medzinárodná 
610 2 0 |a vzťahy medzinárodné 
610 2 0 |a energetika 
610 2 0 |a plynovody 
610 2 0 |a konflikty 
610 2 0 |a Rusko 
610 2 0 |a Rakúsko 
610 2 0 |a Ukrajina 
610 2 0 |a Európska únia 
100 1 |a Pressburg, Adrian Peter